| 000 | 00360nam a22001457a 4500 | ||
|---|---|---|---|
| 020 | _qPB. | ||
| 040 | _cFIZZA ISHAQ | ||
| 082 |
_a620.00151 _bWRI |
||
| 100 |
_aJ,WRIGHT. _9109175 |
||
| 245 |
_aADVANCED MODERN ENGINEERING MATHEMATICS / _cWRIGHT J. |
||
| 250 | _a11TH EDITION. | ||
| 260 |
_aPEARSON ; _bLONDON, _c2018. |
||
| 300 | _a987 P. ; | ||
| 942 |
_2ddc _cBK |
||
| 999 |
_c593339 _d593339 |
||